| 000 | 00628nam a22001815i 4500 | ||
|---|---|---|---|
| 001 | 163969 | ||
| 003 | ES-MaACL | ||
| 005 | 20251105063136.0 | ||
| 008 | 050722s1900 xxk | |||||||| ||eng d | ||
| 040 |
_aCAM _bspa _cCAM |
||
| 100 | 1 |
_aRosebery, Archibald Philip Primrose, _cEarl of, _d1847-1929 _999679 |
|
| 245 | 1 | 0 |
_aNapoleon _b: the last phase / _cby Lord Rosebery. |
| 260 |
_aLondon : _bArthur L. Humphreys, _c1900 ( _fW.H. White and co.) |
||
| 300 |
_aVI, 261 p. ; _c24 cm. |
||
| 600 | 0 | 4 |
_aNapoleón _bI _c, Emperador de Francia. _984910 |
| 852 |
_aES-MaACL _jG-10434 _z-- Enc. tela |
||
| 999 |
_c163969 _d163969 |
||